The water babies

Guardat en:
Dades bibliogràfiques
Autor principal: Kingsley, Charles (Autor)
Format: Llibre
Idioma:anglès
Publicat: Londres Juvenile Productions 1963
Col·lecció:The Martyn Library
Matèries:
Etiquetes: Afegir etiqueta
Sense etiquetes, Sigues el primer a etiquetar aquest registre!

MARC

LEADER 00000nam a2200000 a 4500
001 UCH8959
003 CL-VaPUC
008 091217e19630000UK |||||||||||||||||eng|d
082 0 4 |a 823  |b KIN  |2 21 
100 |a Kingsley, Charles  |e author  |9 545739 
245 1 4 |a The water babies 
300 |a 254 p 
942 |c BK 
945 |d 20091217 00:00:00  |a rbrito 
260 |a Londres  |b Juvenile Productions  |c 1963 
650 0 |a Novelas inglesas  |9 265220 
583 |a last modification  |c 20091217 00:00:00  |k Rodrigo Vera 
490 0 |a The Martyn Library 
999 |c 339038  |d 339036 
952 |0 0  |1 0  |4 0  |6 823_000000000000000_KIN_1963  |7 0  |8 A  |9 432407  |a BIBTEO  |b BIBTEO  |d 2019-11-22  |i 4611594  |o 823 KIN 1963  |p 4611594  |r 2025-01-17  |w 2019-11-22  |y BK  |k ICR